01560nab a22003137a 4500999001500000003000400015005001700019008004100036040000700077100003900084245012200123260007300245300001300318500007500331505031900406505008900725650003500814650003200849650002500881650001800906650002500924650002700949650003400976650001501010650002801025650003801053773014201091942001301233 c6355d6355OSt20260131194402.0190603e xxum|||| |||| 00| 0 spa d cPJ 97011aMéndez Acosta, Segundo J. 10aActualización de la suma asegurada. Un examen de las alternativas jurisprudenciales /cSegundo J. Méndez Acosta.  cCiudad Autónoma de Buenos Aires :aThomson Reuters La Ley, b2025. ap. 82-90 aCita: TR LALEY AR/DOC/2806/2025 Publicado en: RCCyC 2025 (Diciembre). aSumario: I. La cuestión: la depreciación de los límites de cobertura.— II. El estado de la jurisprudencia: heterogeneidad discursiva y resolutiva.— III. Naturaleza y régimen de la cláusula: dineraria no actualizable.— IV. Notas de los distintos temperamentos jurisprudenciales.— V. Conclusiones.  t¿Te interesa el texto completo? Solicitalo al correo: koha@justierradelfuego.gov.ar 091497aCODIGO CIVIL Y COMERCIAL 091467aRESPONSABILIDAD CIVIL 091923aLEY DE SEGUROS 091921aSEGUROS 0aCOBERTURA DEL SEGURO 0aDERECHOS DEL ASEGURADO 0aRESPONSABILIDAD DEL ASEGURADO 0aASEGURADOR 0aDERECHOS DEL ASEGURADOR 0aOBLIGACIONES DEL ASEGURADOR954800 0271393170dCiudad Autónoma de Buenos Aires : Thomson Reuters La Ley, 2015-tRevista Código Civil y Comercial. Nº 6 - Diciembre 2025 2udccANA